Aplikácia minimalizmu v marketingu diplomová práca

Salvato in:
Dettagli Bibliografici
Autore principale: Vysokajová, Paula
Ente Autore: Podnikovohospodárska fakulta EU so sídlom v Košiciach. Katedra obchodného podnikania
Altri autori: Gajdoš, Jozef, 1962-2025
Natura: Libro
Lingua:slovacco
Pubblicazione: Košice 2025
Tags: Aggiungi Tag
Nessun Tag, puoi essere il primo ad aggiungerne!!

MARC

LEADER 00000nbm a2200000 4500
001 0308988
005 20251118132345.0
041 0 |a slo 
044 |a SK 
245 1 0 |a Aplikácia minimalizmu v marketingu  |b diplomová práca  |c Paula Vysokajová ; školiteľ: Jozef Gajdoš 
264 1 |a Košice  |c 2025 
300 |a 68 s. 
100 1 |a Vysokajová, Paula 
700 1 |a Gajdoš, Jozef, 1962-2025 
710 2 |a Podnikovohospodárska fakulta EU so sídlom v Košiciach. Katedra obchodného podnikania